Usted puede criar conejos /

Guardado en:
Autor Principal: Kanable, Ann
Formato: Libro
Publicado: Buenos Aires : El Ateneo, 1981
Materias:
Etiquetas: Agregar Etiqueta
Sin Etiquetas, Sea el primero en etiquetar este registro!
LEADER 00780nam a22002295a 4500
001 CEM.cems015946
005 20090904172248.0
008 130507s1981##################000#0#####d
003 CEMS
020 |a 9500230291 
082 0 4 |a 636.9 
100 1 |a Kanable, Ann 
245 1 0 |a Usted puede criar conejos /  |c Ann Kanable 
260 |a Buenos Aires :  |b El Ateneo,  |c 1981 
300 |a 187 p. 
505 0 |a Alojamiento y equipo -- Plantel inicial -- Reproductores -- La alimentación -- Enfermedades -- Aprovechamiento de los conejos 
653 |a Conejos 
653 |a Conejos-alojamiento 
653 |a Conejos-alimentación 
653 |a Cunicultura 
859 |a CEMS  |b BIB. CEMS - Agricultura  |h 636.9  |i K131  |p A11368.82  |t Ej.2 
859 |a CEMS  |b BIB. CEMS - Agricultura  |h 636.9  |i K131  |p A19331.97  |t Ej.1